Principles of industrial management / (Record no. 3428)
[ view plain ]
| 000 -LEADER | |
|---|---|
| fixed length control field | 00975cac a22002531u 4500 |
| 090 ## - LOCALLY ASSIGNED LC-TYPE CALL NUMBER (OCLC); LOCAL CALL NUMBER (OCLC) | |
| -- | 3428 |
| 008 - FIXED-LENGTH DATA ELEMENTS--GENERAL INFORMATION | |
| fixed length control field | 081223t 1951xxu||||| |||| 00| 0 eng d |
| 010 ## - LIBRARY OF CONGRESS CONTROL NUMBER | |
| LC control number | 51011117 |
| 035 ## - SYSTEM CONTROL NUMBER | |
| System control number | (OCoLC)353168 |
| 082 ## - DEWEY DECIMAL CLASSIFICATION NUMBER | |
| Classification number | 658.01 |
| Item number | ALF |
| 100 ## - MAIN ENTRY--PERSONAL NAME | |
| Personal name | Alford, Leon Pratt, |
| 245 10 - TITLE STATEMENT | |
| Title | Principles of industrial management / |
| Statement of responsibility, etc | [by] L.P. Alford ; Revised and Written by H.Russell Beatty. |
| 250 ## - EDITION STATEMENT | |
| Edition statement | Rev. ed. / |
| Remainder of edition statement | rev. and rewritten by H. Russell Beatty. |
| 260 ## - PUBLICATION, DISTRIBUTION, ETC. (IMPRINT) | |
| Place of publication, distribution, etc | New York : |
| Name of publisher, distributor, etc | Ronald Press Co., |
| Date of publication, distribution, etc | c1951. |
| 300 ## - PHYSICAL DESCRIPTION | |
| Extent | xxii, 779 p. : |
| Other physical details | ill. ; |
| Dimensions | 24 cm. |
| 500 ## - GENERAL NOTE | |
| General note | Donations . |
| 500 ## - GENERAL NOTE | |
| General note | Donations - Bibliotheca Alexandrina. |
| 504 ## - BIBLIOGRAPHY, ETC. NOTE | |
| Bibliography, etc | Includes bibliographies and index. |
| 650 #0 - SUBJECT ADDED ENTRY--TOPICAL TERM | |
| Topical term or geographic name as entry element | Industrial management. |
| 650 #0 - SUBJECT ADDED ENTRY--TOPICAL TERM | |
| Topical term or geographic name as entry element | Factory management. |
| 700 1# - ADDED ENTRY--PERSONAL NAME | |
| Personal name | Beatty, Henry Russell, |
| Dates associated with a name | 1906- |
| 942 ## - ADDED ENTRY ELEMENTS (KOHA) | |
| Item type | Book - Borrowing |
| Call number prefix | 658.01ALF |
| Source of classification or shelving scheme | Dewey Decimal Classification |
| Withdrawn status | Item status | Source of classification or shelving scheme | Damaged status | Not for loan | Home library | Current library | Shelving location | Date acquired | Source of acquisition | Total Checkouts | Full call number | Barcode | Date last seen | Koha item type |
|---|---|---|---|---|---|---|---|---|---|---|---|---|---|---|
| Dewey Decimal Classification | Central Library | Central Library | First floor | 07/04/2011 | Purchase | 658.01 ALF | 000030420 | 15/07/2025 | Book - Borrowing |